LEADER 01115nam0 22002891i 450 001 UON00529132 005 20250807101538.112 100 $a20250723f |0itac50 ba 101 $apol 102 $aPL 105 $a|||| ||||| 200 1 $aLiryki$fJuljusz Slowacki 205 $aWydanie nowe powiekszone 210 $aWarszawa$aLublin ; Lodz$cNaklad Gebethnera i Wolffa, [s.d.] 215 $a66 p.$d18 cm 300 $aSul frontespizio č riportato il timbro "alla memoria di Roberto Damiani" 410 1$1001UON00172906$12001 $aBiblioteczka uniwersytetów ludowych i mlodziezy szkolnej.$v147 620 $aPL$dWarszawa$3UONL000573 620 $aPL$dLublin$3UONL003373 700 1$aSlowacki$bJuliusz$3UONV114251$0444683 712 $aGebethner et Wolff$3UONV266287$4650 801 $aIT$bSOL$c20250808$gRICA 899 $aSIBA - SISTEMA BIBLIOTECARIO DI ATENEO$2UONSI 912 $aUON00529132 950 $aSIBA - SISTEMA BIBLIOTECARIO DI ATENEO$dSI MIN 108 $eSI MR 23078 5 108 996 $aLiryki$94409566 997 $aUNIOR